Vývoj cien nehnuteľností na bývanie na Slovensku bakalárska práca

Enregistré dans:
Détails bibliographiques
Auteur principal: Rampašeková, Jana
Collectivité auteur: Obchodná fakulta EU. Katedra služieb a cestovného ruchu - zrušené
Autres auteurs: Benešová, Dana, 1958-
Format: Livre
Langue:slovaque
Publié: Bratislava 2011
Tags: Ajouter un tag
Pas de tags, Soyez le premier à ajouter un tag!

MARC

LEADER 00000nbm a2200000 4500
001 0132002
005 20161109111425.3
041 0 |a slo 
044 |a SK 
245 1 0 |a Vývoj cien nehnuteľností na bývanie na Slovensku  |b bakalárska práca  |c Jana Rampašeková ; školiteľ: Dana Benešová 
264 1 |a Bratislava  |c 2011 
300 |a 50 s. 
100 1 |a Rampašeková, Jana 
700 1 |a Benešová, Dana, 1958- 
710 2 |a Obchodná fakulta EU. Katedra služieb a cestovného ruchu - zrušené